Trouve ces pays sans mourir - Statistiques

Statistiques générales
  • Ce quiz a été pris 693 fois
  • Le résultat moyen est 11 sur 21
Answers on the Grid
Answers color-coded by a green-red scale on the quiz's grid according to % correct below.
France
Finlande
Alemagne
Suisse
Turquie
Bollivie
Ankara
Afghanistan
Ukraine
Linde
Yemen
Katar
Oman
Jordanie
Mongole
Turkménistan
Nauru
Vanuatu
Honrie
Andore
Manoco
Liechtenshtein
Luxembourg
Angletterre
États-Unis
Maroc
Roumanie
Constantinople
Francis
Panama
Zimbwabwe
Mexico
Brasil
Sainte Lucie
Saint Martin
Sierra leone
Jirachi
Inlande
Autruche
Géorgie
Bénin
Lybie
 
Statistiques - réponses
Réponse % Correct
France
62%
Ukraine
62%
États-Unis
58%
Géorgie
58%
Maroc
58%
Suisse
58%
Turquie
58%
Finlande
57%
Jordanie
57%
Luxembourg
57%
Bénin
55%
Roumanie
55%
Afghanistan
53%
Oman
51%
Panama
51%
Turkménistan
49%
Vanuatu
49%
Yemen
49%
Nauru
47%
Sainte Lucie
47%
Sierra leone
47%
Aucun quiz correspondant
Distribution des résultats
% des personnes avec chaque résultat
Percentile par nombre de réponses
Votre historique - résultats
Vous n’avez pas pris ce quiz